|
|
|
|
| LEADER |
00000nam a2200000Ii 4500 |
| 001 |
DIGEDICNSB0204 |
| 003 |
NyNyDIG |
| 008 |
221020s2016 ag o 000 0 spa d |
| 006 |
m o d |
| 007 |
cr ||||||||||| |
| 035 |
|
|
|a (OCoLC)1379443077
|
| 040 |
|
|
|a DGITA
|b eng
|e rda
|e pn
|c DGITA
|
| 020 |
|
|
|a 9789501561814
|q eBook
|
| 050 |
1 |
4 |
|a PQ8519.O59 ebook
|
| 100 |
1 |
|
|a Kovacic, Fabián,
|d 1966-
|e author.
|
| 245 |
1 |
0 |
|a Galeano :
|b la biografía /
|c Fabián Kovacic.
|
| 264 |
|
1 |
|a Ciudad Autónoma de Buenos Aires, Argentina :
|b Ediciones B Argentina,
|c [2016]
|
| 300 |
|
|
|a 1 online resource.
|
| 336 |
|
|
|a text
|b txt
|2 rdacontent
|
| 337 |
|
|
|a computer
|b c
|2 rdamedia
|
| 338 |
|
|
|a online resource
|b cr
|2 rdacarrier
|
| 347 |
|
|
|a text file
|2 rdaft
|
| 347 |
|
|
|b EPUB
|
| 500 |
|
|
|a "Apuntes para una biografía."
|
| 588 |
0 |
|
|a Online resource; title from ePub title page (Digitalia, viewed October 20, 2022)
|
| 600 |
1 |
0 |
|a Galeano, Eduardo,
|d 1940-2015.
|
| 650 |
|
0 |
|a Authors, Uruguayan
|y 20th century
|v Biography.
|
| 791 |
2 |
|
|a Digitalia (Firm),
|e distributor.
|
| 793 |
0 |
|
|g Digitalia eBook Collection:
|a Ediciones B
|
| 856 |
4 |
0 |
|3 Digitalia Hispánica
|u https://www.digitaliapublishing.com/a/54580/
|
| 910 |
|
|
|a Premium collection: 2022
|